|
|
|
|
| LEADER |
00000nam a2200000 a 4500 |
| 001 |
vtls008691321 |
| 003 |
SK-MaSNL |
| 005 |
20260301021708.0 |
| 008 |
251104s2005 xo d p 000 0 slo |
| 015 |
|
|
|a SNBA2006/06-03102
|
| 020 |
|
|
|a 8080734011
|q (brož.)
|
| 035 |
|
|
|a B08DDC36-AA61-47EB-9D77-6155A58585E0
|
| 035 |
|
|
|a urn:nbn:sk:snk-aml3e6
|
| 035 |
|
|
|a urn:nbn:sk:snk-am008l0g
|
| 040 |
|
|
|a SNK
|b slo
|c SNK
|e AACR2
|
| 041 |
0 |
|
|a slo
|
| 044 |
|
|
|a xo
|c SK
|
| 072 |
|
7 |
|a 51
|x Matematika
|2 konspekt
|
| 072 |
|
7 |
|a 37.016
|x Učebné osnovy. Vyučovacie predmety. Učebnice
|2 konspekt
|
| 080 |
|
|
|a (076.1/.3)
|2 2001
|
| 080 |
|
|
|a (075.8)
|2 2001
|
| 080 |
|
|
|a 51
|2 2001
|
| 100 |
1 |
|
|a Purcz, Pavol
|4 aut
|9 40697
|
| 245 |
1 |
0 |
|a Matematika II.
|c Pavol Purcz, Martina Révayová
|p Zbierka úloh
|
| 250 |
|
|
|a 2. vyd.
|
| 260 |
|
|
|a Košice
|b Stavebná fakulta TU
|c 2005
|
| 300 |
|
|
|a 87 s.
|c 21 cm
|
| 366 |
|
|
|e 93 výtl.
|
| 504 |
|
|
|a Bibliogr. s. 86
|
| 650 |
0 |
7 |
|a matematika
|2 SNKPH
|9 70174
|
| 655 |
|
7 |
|a zbierky úloh
|2 SNKPH
|9 70562
|
| 655 |
|
7 |
|a učebnice vysokých škôl
|2 SNKPH
|9 70191
|
| 700 |
1 |
|
|a Révayová, Martina
|4 aut
|9 48509
|
| 919 |
|
|
|a 80-8073-401-1
|
| 958 |
|
|
|a OND
|
| 999 |
|
|
|c 565898
|d 567828
|
| 952 |
|
|
|a SNK
|b SNK
|y PREZ
|7 0
|p 17A0505662
|o snkSC 123390/2
|i snk2006/7783
|8 0
|0 0
|1 0
|4 0
|d 2006-04-18
|f 1
|l 0
|r 2025-06-04 00:00:00
|w 2026-02-23
|
| 952 |
|
|
|a SNK
|b SNK
|y VYP
|7 0
|p 17A0517191
|o snkSC 123390/2 D1
|i snk2006/14498
|8 0
|0 0
|1 0
|4 0
|d 2006-07-21
|l 0
|r 2026-02-23 13:57:25
|w 2026-02-23
|